| 000 | 00410nam a2200169Ia 4500 | ||
|---|---|---|---|
| 008 | 230524s9999 xx 000 0 und d | ||
| 020 | _a9789351343493 | ||
| 082 |
_a624.1821 _bDUG |
||
| 100 | _aS.K.Duggal | ||
| 245 | 0 | _aLimit State Design of Steel Structures | |
| 250 | _a2 | ||
| 260 |
_aNew Delhi _bTMH _c2015 |
||
| 300 | _a"xvi,856p;" | ||
| 500 | _aQuantity Number: 2 | ||
| 650 | _aCivil | ||
| 942 | _cBK | ||
| 999 |
_c55596 _d55596 |
||